000 00257nam a22000977a 4500
999 _c11759
_d11759
008 200114b ||||| |||| 00| 0 eng d
020 _a0590925695
100 _aRathmann Peggy
_97444
245 _aOfficer Buckle and Gloria
260 _aNew York
_bScholastic
_c1996